000 00506nam a2200217Ia 4500
003 OSt
005 20220924134400.0
006 a|||||r|||| 00| 0
007 ta
008 220923b |||||||| |||| 00| 0 snd d
024 _a273959
037 _cTextual
040 _aARTS
_cARTS
_bsnd
041 _2snd
_asnd
082 _aO1593,8x, G0
100 _aLakhina
_9208483
245 0 _aLobhi
260 _c1930
942 _hO1593,8x, G0
_cTEXL
_2CC
999 _c437315
_d437315